|
|
|
|
| LEADER |
00000naa2a2200000 4500 |
| 001 |
174447 |
| 005 |
20231031164723.0 |
| 035 |
|
|
|a (RuTPU)RU\TPU\book\189173
|
| 090 |
|
|
|a 174447
|
| 100 |
|
|
|a 20100127d2009 k y0rusy50 ca
|
| 101 |
0 |
|
|a rus
|
| 102 |
|
|
|a RU
|
| 200 |
1 |
|
|a Печатные книжные знаки антикварного магазина В. И. Клочкова в коллекциях сибирской научно-технической библиотеки ТПУ
|f Т. А. Романова
|
| 320 |
|
|
|a Библиогр.: с. 56
|
| 463 |
|
0 |
|0 (RuTPU)RU\TPU\book\176410
|y 978-5-94560-164-2
|t Восьмые Макушинские чтения
|o материалы научной конференции, 13-15 мая 2009 года, г. Красноярск
|f Российская академия наук (РАН), Сибирское отделение (СО), Государственная публичная научно-техническая библиотека (ГПНТБ) ; Государственная универсальная научная библиотека Красноярского края (ГУНБ) ; под ред. И. В. Лизуновой
|v С. 52-56
|d 2009
|p 408 с.
|
| 610 |
1 |
|
|a антикварные магазины
|
| 610 |
1 |
|
|a книжные знаки
|
| 610 |
1 |
|
|a книги
|
| 610 |
1 |
|
|a история
|
| 610 |
1 |
|
|a книжная торговля
|
| 610 |
1 |
|
|a труды учёных ТПУ
|
| 700 |
|
1 |
|a Романова
|b Т. А.
|c российский библиотекарь
|c заведующий отделом редких книг и рукописей НТБ Томского политехнического университета
|f 1952-
|g Татьяна Александровна
|2 stltpush
|3 (RuTPU)RU\TPU\pers\29247
|
| 801 |
|
1 |
|a RU
|b 63413507
|c 20100127
|
| 801 |
|
2 |
|a RU
|b 63413507
|c 20180220
|g RCR
|
| 942 |
|
|
|c BK
|